000
00321nam a2200109Ia 4500
008
171211s9999 xx 000 0 und d
245
_a
Experimental Film and Video: An Anthology
245
_c
Jackie Hatfield and Stephen Littman
260
_c
2006
650
_x
ART
856
_u
http://down.ebook777.com/063/0861966643.pdf
999
_c
348543
_d
348543